00335nam a2200145Ia 4500008004100000020002200041082001500063100001900078245002700097250001200124260002700136300001000163365000800173542000800181220603s9999 xx 000 0 und d a978 81 312 1137 3 a615.1bLIN aSkidmore Linda aNursing Drug Reference a21st ed aNew DelhibMosbyc2008 a1282p bRs. bBSC